| 000 | 00446nam a22001817a 4500 | ||
|---|---|---|---|
| 003 | MPLRDC | ||
| 005 | 20220104175133.0 | ||
| 008 | 210129b ||||| |||| 00| 0 eng d | ||
| 020 | _a983-878-000-6 | ||
| 082 | _a524.9463 LAI 1990 c.2 | ||
| 100 | _aOOI BENG LAI | ||
| 245 |
_aLATIH TUBI FIZIK MODEN SPM _c |
||
| 250 | _a第一版 | ||
| 260 |
_a _bPENERBITAN PELANGI _c1990 |
||
| 300 | _b平 | ||
| 650 | _a | ||
| 942 |
_cBK _o524.9463 LAI 1990 c.2 |
||
| 999 |
_c60221 _d60211 |
||